[Event "Mecklenburg VP LL2 Ost 1718"]
[Site "Mecklenburg VP"]
[Date "2018.02.25"]
[Round "6.2"]
[White "Schwarz, Eckhard"]
[Black "Ertel, Wolfhard"]
[Result "1-0"]
[WhiteElo "1844"]
[BlackElo "1838"]
[PlyCount "115"]
[EventDate "2017.10.08"]
[EventType "team-tourn"]
[EventRounds "9"]
[EventCountry "GER"]
[SourceTitle "EXT 2022"]
[Source "ChessBase"]
[SourceDate "2021.10.06"]
[SourceVersion "1"]
[SourceVersionDate "2021.10.06"]
[SourceQuality "1"]
[WhiteTeam "Waterkant Saal SV"]
[BlackTeam "Binz Therme Ruegen"]
[WhiteTeamCountry "GER"]
[BlackTeamCountry "GER"]

1. Nf3 d5 2. e3 Nf6 3. Be2 g6 4. 0-0 Bg7 5. c4 0-0 6. Nc3 c6 7. d4 Nbd7 8. Qb3 Qb6 9. Qxb6 Nxb6 10. c5 Nbd7 11. b4 Re8 12. Bb2 Ne4 13. Nxe4 dxe4 14. Nd2 Nf6 15. Bc4 Bd7 16. a3 a5 17. bxa5 Rxa5 18. Bc3 Ra7 19. Bb3 Bf5 20. h3 h5 21. Nc4 Be6 22. Rfb1 Bxc4 23. Bxc4 Nd7 24. Bb4 e6 25. a4 Bf8 26. a5 e5 27. Rb3 exd4 28. exd4 b5 29. cxb6 Nxb6 30. Bxf7+ Kxf7 31. Bxf8 Nc4 32. Bb4 Rea8 33. Rc3 Nxa5 34. Rca3 c5 35. Rxa5 Rxa5 36. Rxa5 Rxa5 37. Bxa5 cxd4 38. Bb6 d3 39. Kf1 Ke6 40. Ke1 Kd5 41. Kd2 Ke5 42. Ke3 g5 43. g3 Kf5 44. Ba5 g4 45. h4 Ke5 46. Bc3+ Kd5 47. Kf4 Kc4 48. Bd2 Kd4 49. Kf5 Kd5 50. Be3 Kc4 51. Kxe4 Kc3 52. f4 gxf3 53. Kxf3 d2 54. Bxd2+ Kxd2 55. g4 hxg4+ 56. Kxg4 Ke3 57. h5 Ke4 58. h6 1-0

[Event "Mecklenburg VP LL2 Ost 1718"]
[Site "Mecklenburg VP"]
[Date "2018.01.21"]
[Round "5.2"]
[White "Herde, Dittmar"]
[Black "Schwarz, Eckhard"]
[Result "0-1"]
[WhiteElo "1803"]
[BlackElo "1844"]
[PlyCount "94"]
[EventDate "2017.10.08"]
[EventType "team-tourn"]
[EventRounds "9"]
[EventCountry "GER"]
[SourceTitle "EXT 2022"]
[Source "ChessBase"]
[SourceDate "2021.10.06"]
[SourceVersion "1"]
[SourceVersionDate "2021.10.06"]
[SourceQuality "1"]
[WhiteTeam "Rostock SSC 07 II"]
[BlackTeam "Waterkant Saal SV"]
[WhiteTeamCountry "GER"]
[BlackTeamCountry "GER"]

1. d4 c5 2. c4 cxd4 3. Qxd4 Nc6 4. Qd1 g6 5. Nf3 Bg7 6. Qb3 Nf6 7. e3 0-0 8. Nc3 d6 9. Bd3 Nd7 10. Ne4 f5 11. Ng3 Nc5 12. Qa3 e5 13. e4 Be6 14. Ng5 Bd7 15. Nf3 f4 16. Ne2 Bg4 17. Bd2 Bxf3 18. gxf3 a5 19. h4 h5 20. 0-0-0 Bf6 21. Bc2 Bxh4 22. Rdg1 Kh7 23. Rg2 Rg8 24. Nc3 Nd4 25. Nb5 Nxc2 26. Kxc2 g5 27. Bc3 Qe7 28. Rd1 Rg6 29. b4 Nd7 30. bxa5 Ra6 31. Bb4 Qe6 32. Qd3 Qh3 33. Rdg1 Nc5 34. Qd5 Qe6 35. Bxc5 Qxd5 36. cxd5 dxc5 37. d6 Rxa5 38. d7 Rxa2+ 39. Kb3 Ra8 40. Nc7 Rd8 41. Rd1 Rc6 42. Nd5 b5 43. Ne7 Rc7 44. Nd5 Rb7 45. Rh2 Kg7 46. Ne7 Rbxd7 47. Nf5+ Kg6 0-1

[Event "Mecklenburg VP LL2 Ost 1718"]
[Site "Mecklenburg VP"]
[Date "2017.12.10"]
[Round "4.2"]
[White "Schwarz, Eckhard"]
[Black "Floegel, Thomas"]
[Result "1-0"]
[WhiteElo "1844"]
[BlackElo "1685"]
[PlyCount "73"]
[EventDate "2017.10.08"]
[EventType "team-tourn"]
[EventRounds "9"]
[EventCountry "GER"]
[SourceTitle "EXT 2022"]
[Source "ChessBase"]
[SourceDate "2021.10.06"]
[SourceVersion "1"]
[SourceVersionDate "2021.10.06"]
[SourceQuality "1"]
[WhiteTeam "Waterkant Saal SV"]
[BlackTeam "Ribnitz Damgarten"]
[WhiteTeamCountry "GER"]
[BlackTeamCountry "GER"]

1. Nf3 d5 2. b3 c5 3. Bb2 Nf6 4. e3 e6 5. Be2 Be7 6. 0-0 0-0 7. d4 Nc6 8. a3 a6 9. dxc5 Bxc5 10. b4 Ba7 11. c4 dxc4 12. Bxc4 b5 13. Ba2 Qe7 14. Qc2 Bb7 15. Ng5 e5 16. Nc3 g6 17. Rad1 Rac8 18. Qb3 h6 19. Nge4 Nxe4 20. Nxe4 Na5 21. Qd3 Nc4 22. Bxc4 bxc4 23. Qd6 Qxd6 24. Nxd6 c3 25. Nxc8 Rxc8 26. Bxc3 Rxc3 27. Rd7 Bc6 28. Rxa7 Rxa3 29. h3 Kg7 30. Rb1 Ra2 31. b5 Be4 32. Rb4 Ra1+ 33. Kh2 Bd5 34. Rxa6 Rf1 35. e4 Be6 36. Rxe6 fxe6 37. b6 1-0

[Event "Mecklenburg VP LL2 Ost 1516"]
[Site "Mecklenburg VP"]
[Date "2016.03.13"]
[Round "7.2"]
[White "Van Bentum, Horst"]
[Black "Schwarz, Eckhard"]
[Result "1/2-1/2"]
[WhiteElo "1925"]
[BlackElo "1861"]
[PlyCount "72"]
[EventDate "2015.09.20"]
[EventType "team-tourn"]
[EventRounds "9"]
[EventCountry "GER"]
[SourceTitle "EXT 2022"]
[Source "ChessBase"]
[SourceDate "2021.10.06"]
[SourceVersion "1"]
[SourceVersionDate "2021.10.06"]
[SourceQuality "1"]
[WhiteTeam "Graal Mueritz"]
[BlackTeam "Waterkant Saal SV"]
[WhiteTeamCountry "GER"]
[BlackTeamCountry "GER"]

1. e4 c5 2. Nf3 a6 3. c3 d5 4. exd5 Qxd5 5. d4 Bg4 6. Be2 cxd4 7. cxd4 e6 8. Nc3 Bb4 9. 0-0 Qd8 10. Qa4+ Nc6 11. Ne5 Bxe2 12. Nxc6 bxc6 13. Qxc6+ Kf8 14. Nxe2 Ne7 15. Qa4 Bd6 16. Bf4 Nd5 17. Bxd6+ Qxd6 18. Rac1 Ke7 19. Rc6 Qb4 20. Qxb4+ Nxb4 21. Rc7+ Kf6 22. a3 Nd5 23. Rc5 Rhd8 24. Rfc1 Rab8 25. b4 g5 26. Kf1 Kg6 27. Ke1 Nf6 28. f3 h5 29. Kf2 Nd5 30. g3 Rd7 31. R1c2 Rdd8 32. Nc1 Ne7 33. Nb3 Rd6 34. h3 Kf6 35. Ra5 Kg6 36. g4 Nd5 1/2-1/2

[Event "Mecklenburg VP LL2 Ost 1112"]
[Site "Mecklenburg VP"]
[Date "2012.04.15"]
[Round "9.2"]
[White "Schwarz, Eckhard"]
[Black "Staben, Norbert"]
[Result "0-1"]
[WhiteElo "1889"]
[BlackElo "1677"]
[PlyCount "36"]
[EventDate "2011.10.02"]
[EventType "team-tourn"]
[EventRounds "9"]
[EventCountry "GER"]
[SourceTitle "EXT 2022"]
[Source "ChessBase"]
[SourceDate "2021.10.06"]
[SourceVersion "1"]
[SourceVersionDate "2021.10.06"]
[SourceQuality "1"]
[WhiteTeam "Waterkant Saal SV"]
[BlackTeam "Warnemuende SF Ostsee II"]
[WhiteTeamCountry "GER"]
[BlackTeamCountry "GER"]

1. Nf3 Nf6 2. d4 g6 3. c4 Bg7 4. Nc3 0-0 5. e4 d6 6. Be2 Nc6 7. 0-0 Ne8 8. c5 e5 9. cxd6 Nxd6 10. Bg5 Qd7 11. dxe5 Nxe5 12. Nxe5 Bxe5 13. f4 Bxc3 14. bxc3 Nxe4 15. Qb3 Nxg5 16. fxg5 Qe7 17. Rxf7 Rxf7 18. Bc4 Kg7 0-1

[Event "Mecklenburg VP LL2 Ost 1112"]
[Site "Mecklenburg VP"]
[Date "2012.01.15"]
[Round "5.2"]
[White "Schwarz, Eckhard"]
[Black "Mueller, Michael"]
[Result "1-0"]
[WhiteElo "1889"]
[BlackElo "1801"]
[PlyCount "59"]
[EventDate "2011.10.02"]
[EventType "team-tourn"]
[EventRounds "9"]
[EventCountry "GER"]
[SourceTitle "EXT 2022"]
[Source "ChessBase"]
[SourceDate "2021.10.06"]
[SourceVersion "1"]
[SourceVersionDate "2021.10.06"]
[SourceQuality "1"]
[WhiteTeam "Waterkant Saal SV"]
[BlackTeam "Rostock SSC 07 III"]
[WhiteTeamCountry "GER"]
[BlackTeamCountry "GER"]

1. d4 Nf6 2. c4 e6 3. Nc3 Bb4 4. Qc2 d5 5. e3 Ne4 6. Bd3 f5 7. a3 Bxc3+ 8. bxc3 c5 9. cxd5 exd5 10. Nf3 c4 11. Be2 Nc6 12. a4 Na5 13. Ba3 Nb3 14. Ra2 Bd7 15. Ne5 Bxa4 16. Bh5+ g6 17. Nxg6 hxg6 18. Bxg6+ Kd7 19. Bxf5+ Kc7 20. Bxe4 dxe4 21. Qxe4 Qg5 22. Be7 Qb5 23. Qf4+ Kb6 24. Qf6+ Kc7 25. Bd6+ Kd7 26. Qe7+ Kc6 27. Qc7+ Kd5 28. e4+ Kxe4 29. 0-0 Rae8 30. Be7 1-0

[Event "Mecklenburg VP LL2 Ost 1011"]
[Site "Mecklenburg VP"]
[Date "2010.12.12"]
[Round "4.2"]
[White "Schwarz, Eckhard"]
[Black "Rath, Wolfgang"]
[Result "1-0"]
[WhiteElo "1897"]
[BlackElo "1645"]
[PlyCount "54"]
[EventDate "2010.10.10"]
[EventType "team-tourn"]
[EventRounds "9"]
[EventCountry "GER"]
[SourceTitle "EXT 2022"]
[Source "ChessBase"]
[SourceDate "2021.10.06"]
[SourceVersion "1"]
[SourceVersionDate "2021.10.06"]
[SourceQuality "1"]
[WhiteTeam "Waterkant Saal SV"]
[BlackTeam "Ribnitz Damgarten"]
[WhiteTeamCountry "GER"]
[BlackTeamCountry "GER"]

1. Nf3 c5 2. d4 g6 3. e4 cxd4 4. Qxd4 Nf6 5. e5 Nc6 6. Qc3 e6 7. a3 Nd5 8. Qd3 Bg7 9. c4 Nc7 10. Bf4 0-0 11. Nc3 f6 12. exf6 Bxf6 13. Bd6 Be7 14. Rd1 Ne8 15. Bxe7 Qxe7 16. Be2 a6 17. 0-0 Qf6 18. Na4 b5 19. cxb5 axb5 20. Nb6 Rb8 21. Nxd7 Bxd7 22. Qxd7 Ne5 23. Qa7 Nc6 24. Qe3 Ng7 25. a4 Nf5 26. Qe4 Nce7 27. Ne5 Rfe8 1-0

[Event "Mecklenburg VP LL2 Ost 0809"]
[Site "Mecklenburg VP"]
[Date "2008.11.30"]
[Round "3.2"]
[White "Schmidt, Reinhard"]
[Black "Schwarz, Eckhard"]
[Result "0-1"]
[WhiteElo "1859"]
[BlackElo "1908"]
[PlyCount "70"]
[EventDate "2008.09.28"]
[EventType "team-tourn"]
[EventRounds "9"]
[EventCountry "GER"]
[SourceTitle "EXT 2022"]
[Source "ChessBase"]
[SourceDate "2021.10.06"]
[SourceVersion "1"]
[SourceVersionDate "2021.10.06"]
[SourceQuality "1"]
[WhiteTeam "Warnemuende SF Ostsee II"]
[BlackTeam "Waterkant Saal SV"]
[WhiteTeamCountry "GER"]
[BlackTeamCountry "GER"]

1. g4 d5 2. Bg2 e5 3. c4 d4 4. Qb3 c6 5. d3 Nd7 6. g5 Bd6 7. h4 a5 8. a3 a4 9. Qc2 Nc5 10. Nd2 Qa5 11. Kf1 Bf5 12. b4 axb3 13. Nxb3 Qa4 14. Rb1 h6 15. Qb2 Nxd3 16. exd3 Bxd3+ 17. Ne2 Bxb1 18. Qxb1 Qxc4 19. Nd2 Qa4 20. Kg1 Qd1+ 21. Bf1 0-0-0 22. Nc4 d3 23. Ng3 Bc7 24. Kh2 Kb8 25. Bg2 Qa4 26. Nd2 hxg5 27. Nge4 Rxh4+ 28. Kg1 Qd1+ 29. Bf1 Rxh1+ 30. Kxh1 Nf6 31. Nc5 b6 32. Na6+ Kc8 33. Nxc7 Kxc7 34. Kg1 Rd4 35. Qa1 Nd5 0-1

[Event "Mecklenburg VP LL2 Ost 0809"]
[Site "Mecklenburg VP"]
[Date "2008.10.05"]
[Round "1.2"]
[White "Riebort, Frank"]
[Black "Schwarz, Eckhard"]
[Result "1/2-1/2"]
[WhiteElo "1952"]
[BlackElo "1908"]
[PlyCount "34"]
[EventDate "2008.09.28"]
[EventType "team-tourn"]
[EventRounds "9"]
[EventCountry "GER"]
[SourceTitle "EXT 2022"]
[Source "ChessBase"]
[SourceDate "2021.10.06"]
[SourceVersion "1"]
[SourceVersionDate "2021.10.06"]
[SourceQuality "1"]
[WhiteTeam "Wolgast Motor"]
[BlackTeam "Waterkant Saal SV"]
[WhiteTeamCountry "GER"]
[BlackTeamCountry "GER"]

1. d4 d5 2. c4 Nc6 3. Nc3 e5 4. cxd5 Nxd4 5. e3 Nf5 6. Nf3 Bd6 7. e4 Nh4 8. Bb5+ Kf8 9. Nxh4 Qxh4 10. Qf3 a6 11. Bd3 Bg4 12. Qg3 Qxg3 13. hxg3 Ne7 14. Be3 f5 15. f3 fxe4 16. fxe4 Ng8 17. 0-0+ Nf6 1/2-1/2

[Event "Mecklenburg VP LL2 Ost 0708"]
[Site "Mecklenburg VP"]
[Date "2008.04.06"]
[Round "8.2"]
[White "Manke, Karsten"]
[Black "Schwarz, Eckhard"]
[Result "1-0"]
[WhiteElo "1817"]
[BlackElo "1920"]
[PlyCount "63"]
[EventDate "2007.10.21"]
[EventType "team-tourn"]
[EventRounds "9"]
[EventCountry "GER"]
[SourceTitle "EXT 2016"]
[Source "ChessBase"]
[SourceDate "2015.10.08"]
[SourceVersion "1"]
[SourceVersionDate "2015.10.08"]
[SourceQuality "1"]
[WhiteTeam "Stralsund FHSG II"]
[BlackTeam "Saal Waterkant"]
[WhiteTeamCountry "GER"]
[BlackTeamCountry "GER"]

1. e4 Nf6 2. Nc3 d5 3. exd5 Nxd5 4. d4 Nxc3 5. bxc3 c5 6. Nf3 Bf5 7. Bc4 e6 8. 0-0 Be7 9. Bb5+ Kf8 10. a4 Qc7 11. Ra2 Nc6 12. Qe2 Rd8 13. Be3 Bg4 14. Rd1 Bf6 15. h3 Bxf3 16. Qxf3 cxd4 17. cxd4 Nxd4 18. Bxd4 Rxd4 19. Rxd4 Bxd4 20. c3 Be5 21. Rd2 Bd6 22. c4 g6 23. Qf6 Rg8 24. c5 Be7 25. Qf3 a6 26. Rd7 Qc8 27. c6 axb5 28. cxb7 Qb8 29. axb5 f6 30. Qc6 Kf7 31. b6 Qe5 32. Qc7 1-0

[Event "Mecklenburg VP LL2 Ost 0708"]
[Site "Mecklenburg VP"]
[Date "2008.01.20"]
[Round "5.2"]
[White "Schwarz, Eckhard"]
[Black "Voelsgen, Georg"]
[Result "1-0"]
[WhiteElo "1920"]
[BlackElo "1801"]
[PlyCount "73"]
[EventDate "2007.10.21"]
[EventType "team-tourn"]
[EventRounds "9"]
[EventCountry "GER"]
[SourceTitle "EXT 2016"]
[Source "ChessBase"]
[SourceDate "2015.10.08"]
[SourceVersion "1"]
[SourceVersionDate "2015.10.08"]
[SourceQuality "1"]
[WhiteTeam "Saal Waterkant"]
[BlackTeam "Gryps SV"]
[WhiteTeamCountry "GER"]
[BlackTeamCountry "GER"]

1. Nf3 d5 2. b3 Nf6 3. Bb2 Bf5 4. e3 c5 5. d4 e6 6. Bd3 Bg6 7. 0-0 Nc6 8. Re1 Bd6 9. a3 0-0 10. Bxg6 hxg6 11. Nbd2 b5 12. e4 Be7 13. Qe2 c4 14. Rad1 Re8 15. Ne5 Qb6 16. exd5 exd5 17. Ndf3 Nh5 18. Nxg6 fxg6 19. Qe6+ Kh7 20. Qh3 Qb7 21. g4 Qd7 22. Kg2 Rf8 23. Re3 Rf4 24. gxh5 Qxh3+ 25. Kxh3 gxh5 26. Ne5 Na5 27. Nxc4 bxc4 28. Rxe7 cxb3 29. Rg1 Rg8 30. cxb3 Nxb3 31. Rxa7 Nxd4 32. Rg5 Ne6 33. Rxh5+ Kg6 34. Rxd5 Rxf2 35. Be5 Rh8+ 36. Kg4 Rh5 37. Re7 1-0

[Event "Mecklenburg VP LL1 0607"]
[Site "Mecklenburg VP"]
[Date "2007.03.18"]
[Round "7.2"]
[White "Schwarz, Eckhard"]
[Black "Czuchnicki, Adam"]
[Result "0-1"]
[WhiteElo "1941"]
[BlackElo "2118"]
[PlyCount "116"]
[EventDate "2006.10.15"]
[EventType "team"]
[EventRounds "9"]
[EventCountry "GER"]
[SourceTitle "EXT 2008"]
[Source "ChessBase"]
[SourceDate "2007.11.25"]
[SourceVersion "1"]
[SourceVersionDate "2007.11.25"]
[SourceQuality "1"]
[WhiteTeam "Saal Waterkant"]
[BlackTeam "Torgelow"]
[WhiteTeamCountry "GER"]
[BlackTeamCountry "GER"]

1. Nf3 d6 2. d4 f5 3. g3 Nf6 4. Bg2 g6 5. 0-0 Bg7 6. c4 0-0 7. Nc3 Qe8 8. d5 e5 9. dxe6 Qxe6 10. Nd5 Na6 11. Re1 c6 12. Ng5 Qd7 13. Nc3 h6 14. Nf3 Nc5 15. h4 Rd8 16. Nd4 Nce4 17. Qd3 c5 18. Nc2 Qf7 19. Rb1 Be6 20. Ne3 Nxc3 21. bxc3 Rab8 22. Rd1 b6 23. Rb3 Bf8 24. Nd5 Kh8 25. Nxf6 Qxf6 26. Bd5 Re8 27. Ra3 a5 28. Rb3 Bd7 29. Re1 Bg7 30. Kg2 a4 31. Ra3 Bf8 32. Bf4 g5 33. hxg5 hxg5 34. Bd2 Kg7 35. Rh1 Be7 36. e4 Rh8 37. Rxh8 Rxh8 38. exf5 Bxf5 39. Qe3 Bd7 40. Qe4 Qe5 41. Qf3 Bf6 42. Bc6 g4 43. Qd5 Qxd5+ 44. cxd5 Bxc6 45. dxc6 b5 46. c4 bxc4 47. Rxa4 c3 48. Rxg4+ Kf7 49. Be3 Rc8 50. Kf3 Rxc6 51. Ke4 Ke6 52. Kd3 d5 53. Ra4 d4 54. Bf4 Kd5 55. Ra5 Bd8 56. Ra8 c4+ 57. Kc2 Bf6 58. Ra5+ Ke4 0-1